000 00440nam a22001697a 4500
005 20260408124822.0
008 160611b xxu||||| |||| 00| 0 eng d
020 _a9780140170542
041 _aeng
082 _a920
100 _aKarkaria, Bachij.
_91727
245 _aDare to Dream A life of M.S. Oberoi.
260 _aNew Delhi
_bPenguin Books India (p) Ltd.
_c1992
300 _a249
650 _aGeneral biography
_98951
942 _cBK
999 _c2436
_d2435